[Event "Olympiad-44"]
[Site "Chennai"]
[Date "2022.08.06"]
[Round "8.2"]
[White "Ayyad, Husain Abdulgalil"]
[Black "Herrera, Adrian"]
[Result "1-0"]
[WhiteElo "2209"]
[BlackElo "1563"]
[PlyCount "64"]
[EventDate "2022.07.29"]
[EventType "team-swiss"]
[EventRounds "11"]
[EventCountry "IND"]
[SourceTitle "CBM 210"]
[Source "ChessBase"]
[SourceDate "2022.10.31"]
[SourceVersion "1"]
[SourceVersionDate "2022.10.31"]
[SourceQuality "1"]
[WhiteTeam "Bahrain"]
[BlackTeam "San Marino"]
[WhiteTeamCountry "BHN"]
[BlackTeamCountry "SMR"]

1. e4 e5 2. Nf3 Nc6 3. d4 exd4 4. Bc4 Nf6 5. e5 d5 6. Bb5 Ne4 7. Nxd4 Bc5 8. 0-0 Bd7 9. Bxc6 bxc6 10. Be3 Bb6 11. f3 Ng5 12. f4 Ne4 13. Nd2 c5 14. N4f3 Nxd2 15. Qxd2 d4 16. Bf2 Bb5 17. Rfe1 Qd7 18. e6 fxe6 19. Ne5 Qd5 20. a4 Bc6 21. Nxc6 a5 22. Rxe6+ Kd7 23. Rae1 Rae8 24. Rxe8 Rxe8 25. Rxe8 Kxe8 26. Qe2+ Kd7 27. Ne5+ Kc8 28. Nc4 h5 29. b3 Qf5 30. Be1 g6 31. Bxa5 Bxa5 32. Qe8+ Kb7 1-0

[Event "Online Olym Div4 C"]
[Site "Chess.com INT"]
[Date "2021.08.21"]
[Round "6.5"]
[White "Nxumalo, Vuyo"]
[Black "Herrera, Adrian"]
[Result "0-1"]
[WhiteElo "1518"]
[BlackElo "1571"]
[PlyCount "54"]
[EventDate "2021.08.20"]
[EventType "team (rapid)"]
[EventRounds "11"]
[EventCountry "USA"]
[SourceTitle "CBM 203 Extra"]
[Source "ChessBase"]
[SourceDate "2021.09.30"]
[SourceVersion "1"]
[SourceVersionDate "2021.09.30"]
[SourceQuality "1"]
[WhiteTeam "Swaziland"]
[BlackTeam "San Marino"]
[WhiteTeamCountry "SWA"]
[BlackTeamCountry "SMR"]

1. e4 e5 2. Nf3 Nc6 3. Bb5 a6 4. Ba4 Nf6 5. 0-0 b5 6. Bb3 d6 7. Re1 Na5 8. d3 Nxb3 9. axb3 Be7 10. Nc3 Bb7 11. Ne2 0-0 12. Ng3 Re8 13. h3 Bf8 14. Be3 g6 15. Qd2 c6 16. Bh6 Bg7 17. Nh2 Qd7 18. Bxg7 Kxg7 19. f4 d5 20. exd5 exf4 21. dxc6 Qxc6 22. Ne4 Nxe4 23. dxe4 Rxe4 24. Rxe4 Qxe4 25. Re1 Rd8 26. Rxe4 Rxd2 27. Rxf4 Rxg2+ 0-1